000 00351nam a2200133Ia 4500
008 240624s9999 xx 000 0 und d
041 _aeng
082 _a658.4092 BAT
100 _aBATTLEY SUSAN
245 _aCOACHED TO LEAD HOW TO ACHIEVE EXTRAORDI
260 _c2006
_aSan Francisco
_bJossey-Bass
300 _axviii, : 250p. ; 23cm.
365 _c
_b25
999 _c4573
_d4573